Par. 218-Beratungsgesetz: Phantom eines Vorentwurfs

Guardado en:  
Detalles Bibliográficos
Tipo de documento: Print Artículo
Lenguaje:Alemán
Publicado: 1988
En: Deutsches Ärzteblatt. Ausgabe A, Praxis-Ausgabe
Año: 1988, Volumen: 85, Número: 12, Páginas: 758
Disponibilidad en Tübingen:Disponible en Tübingen.
IFK: 4295
Verificar disponibilidad: HBZ Gateway
Palabras clave:

MARC

LEADER 00000caa a22000002c 4500
001 1639217126
003 DE-627
005 20220608124429.0
007 tu
008 160223s1988 xx ||||| 00| ||ger c
035 |a (DE-627)1639217126 
035 |a (DE-576)455803110 
035 |a (DE-599)BSZ455803110 
040 |a DE-627  |b ger  |c DE-627  |e rakwb 
041 |a ger 
245 0 0 |a Par. 218-Beratungsgesetz: Phantom eines Vorentwurfs 
264 1 |c 1988 
336 |a Text  |b txt  |2 rdacontent 
337 |a ohne Hilfsmittel zu benutzen  |b n  |2 rdamedia 
338 |a Band  |b nc  |2 rdacarrier 
773 0 8 |i In  |t Deutsches Ärzteblatt. Ausgabe A, Praxis-Ausgabe  |d Köln : Dt. Ärzte-Verl., 1973  |g 85(1988), 12, Seite 758  |w (DE-627)251800768  |w (DE-600)1453475-7  |w (DE-576)070778957  |x 0012-1207  |7 nnas 
773 1 8 |g volume:85  |g year:1988  |g number:12  |g pages:758 
935 |a mkri 
951 |a AR 
ELC |b 1 
LOK |0 000 xxxxxcx a22 zn 4500 
LOK |0 001 3299597159 
LOK |0 003 DE-627 
LOK |0 004 1639217126 
LOK |0 005 20160223094905 
LOK |0 008 160208||||||||||||||||ger||||||| 
LOK |0 040   |a DE-21-110  |c DE-627  |d DE-21-110 
LOK |0 689   |a s  |a Beratungsgesetz 
LOK |0 689   |a s  |a Abtreibung 
LOK |0 852   |a DE-21-110 
LOK |0 852 1  |c 4295  |m p  |9 00 
LOK |0 935   |a k110 
LOK |0 938   |k p 
LOK |0 939   |a 08-02-16  |b l01 
ORI |a SA-MARC-krimdoka001.raw 
SIG |a IFK: 4295